Sustainable development intribal and backward areas / (Record no. 133328)

MARC details
000 -LEADER
fixed length control field 00784nam a22002417a 4500
005 - DATE AND TIME OF LATEST TRANSACTION
control field 20170124110207.0
010 ## - LIBRARY OF CONGRESS CONTROL NUMBER
LC control number A-934386
020 ## - INTERNATIONAL STANDARD BOOK NUMBER
Terms of availability 400.00
International Standard Book Number 8173870721
035 ## - SYSTEM CONTROL NUMBER
System control number A-934386
037 ## - SOURCE OF ACQUISITION
Source of stock number/acquisition Cen Lib/Ret
040 ## - CATALOGING SOURCE
Original cataloging agency DPL
Language of cataloging EN
082 ## - DEWEY DECIMAL CLASSIFICATION NUMBER
Classification number 307.772
Item number SOS
245 ## - TITLE STATEMENT
Title Sustainable development intribal and backward areas /
Statement of responsibility, etc edited by Anju Kohli, Farida Shah [and] A.P. Chowdhary
260 ## - PUBLICATION, DISTRIBUTION, ETC. (IMPRINT)
Place of publication, distribution, etc New Delhi
Name of publisher, distributor, etc Indus publishing company
Date of publication, distribution, etc 1997
270 ## - ADDRESS
Address FS-5, Tarore garden
City New Delhi
Postal code 110027
300 ## - PHYSICAL DESCRIPTION
Extent 227p.
Dimensions 22cm(Hb)
650 ## - SUBJECT ADDED ENTRY--TOPICAL TERM
Topical term or geographic name as entry element Sustainable development
9 (RLIN) 7813
650 ## - SUBJECT ADDED ENTRY--TOPICAL TERM
Topical term or geographic name as entry element Natural resources
9 (RLIN) 37629
700 ## - ADDED ENTRY--PERSONAL NAME
Personal name Kohli, Anju
9 (RLIN) 36547
700 ## - ADDED ENTRY--PERSONAL NAME
Personal name Shah, Farida
9 (RLIN) 37620
700 ## - ADDED ENTRY--PERSONAL NAME
Personal name Chowdhary, A.P.
9 (RLIN) 37621
942 ## - ADDED ENTRY ELEMENTS (KOHA)
Source of classification or shelving scheme Dewey Decimal Classification
Koha item type English Books
Classification part 307.772
Call number suffix SUS
Holdings
Withdrawn status Lost status Damaged status Not for loan Home library Current library Date acquired Source of acquisition Cost, normal purchase price Total Checkouts Full call number Barcode Date last seen Copy number Cost, replacement price Price effective from Koha item type
        Central Library Central Library 25/07/2015 Cen Lib/Ret 400.00   307.772 SOS A-934386 25/07/2015 1 400.00 25/07/2015 English Books

© Delhi Public Library
Hit Counter
free hit counter